000 00563nam a2200193Ia 4500
005 20250507130234.0
008 008 250505s9999 xx 000 0 eng d
037 _aSeries Article
040 _aEASL
_beng
_cEASL
041 _aeng
_2eng
084 _qEASL
100 _aHung Chang-Tai
_9669023
245 0 _aAnti-unity sect campaign and mass mobilization in the early people's republic of china
260 _aUK
_bUK Cambridge Univesity Press UK
_c2010
300 _a400-420
650 _aChina
942 _cSRA
999 _c1318500
_d1318500